[Event "Titled Tuesday intern op 16th Jan Late"]
[Site "Chess.com INT"]
[Date "2024.01.16"]
[Round "6"]
[White "Hajiyev, Kanan"]
[Black "Ochkoos, Jura"]
[Result "0-1"]
[WhiteElo "2129"]
[BlackElo "2181"]
[PlyCount "98"]
[EventDate "2024.01.16"]
[EventType "swiss (blitz)"]
[EventRounds "11"]
[EventCountry "USA"]
[SourceTitle "CBM 218 Extra"]
[Source "ChessBase"]
[SourceDate "2024.03.31"]
[SourceVersion "1"]
[SourceVersionDate "2024.03.31"]
[SourceQuality "1"]

1. d4 d5 2. c4 e6 3. cxd5 exd5 4. Nc3 c5 5. Nf3 Nc6 6. Bg5 f6 7. Bf4 g5 8. Be3 g4 9. Nh4 f5 10. g3 Bg7 11. Bf4 cxd4 12. Nb1 Nge7 13. Bg2 Ng6 14. Nxg6 hxg6 15. 0-0 0-0 16. Na3 a6 17. Qd2 Be6 18. Rac1 Rc8 19. Rfd1 Re8 20. Nc2 Qb6 21. Ne1 Bf7 22. Nd3 Na5 23. b3 Nc6 24. Rc5 Bf8 25. Rxd5 Bxd5 26. Bxd5+ Kg7 27. Bh6+ Kh7 28. Bxf8 Rxf8 29. Qg5 Qd8 30. Qxd8 Rfxd8 31. Bg2 a5 32. Nf4 Nb4 33. Bxb7 Rc2 34. a3 Na2 35. Kf1 Nc3 36. Re1 Rb2 37. b4 a4 38. b5 Rxb5 39. Ba6 Rb3 40. Ra1 Rb1+ 41. Rxb1 Nxb1 42. Bb5 Ra8 43. Ne6 Nxa3 44. Bc6 Ra5 45. Nxd4 Nc4 46. Nc2 a3 47. Ke1 a2 48. Bd7 a1Q+ 49. Nxa1 Rxa1# 0-1

[Event "Titled Tuesday intern op 16th Jan Late"]
[Site "Chess.com INT"]
[Date "2024.01.16"]
[Round "4"]
[White "Ochkoos, Jura"]
[Black "Donda, Jazmin"]
[Result "1-0"]
[WhiteElo "2181"]
[BlackElo "1706"]
[PlyCount "47"]
[EventDate "2024.01.16"]
[EventType "swiss (blitz)"]
[EventRounds "11"]
[EventCountry "USA"]
[SourceTitle "CBM 218 Extra"]
[Source "ChessBase"]
[SourceDate "2024.03.31"]
[SourceVersion "1"]
[SourceVersionDate "2024.03.31"]
[SourceQuality "1"]

1. e4 c6 2. d4 d5 3. Nc3 dxe4 4. Nxe4 Bf5 5. Ng3 Bg6 6. h4 h6 7. h5 Bh7 8. Nf3 Nd7 9. Bd3 Bxd3 10. Qxd3 Ngf6 11. Bd2 e6 12. 0-0-0 Qc7 13. Ne4 Nxe4 14. Qxe4 Nf6 15. Qe2 0-0-0 16. g3 Bd6 17. c4 Rhe8 18. Bc3 c5 19. dxc5 Bxc5 20. Ne5 Bd6 21. f4 Rg8 22. Kb1 Kb8 23. Rd3 Bxe5 24. Bxe5 1-0

[Event "Titled Tuesday intern op 16th Jan Late"]
[Site "Chess.com INT"]
[Date "2024.01.16"]
[Round "8"]
[White "Ochkoos, Jura"]
[Black "Yang, Kevin S"]
[Result "1-0"]
[WhiteElo "2181"]
[BlackElo "2096"]
[PlyCount "51"]
[EventDate "2024.01.16"]
[EventType "swiss (blitz)"]
[EventRounds "11"]
[EventCountry "USA"]
[SourceTitle "CBM 218 Extra"]
[Source "ChessBase"]
[SourceDate "2024.03.31"]
[SourceVersion "1"]
[SourceVersionDate "2024.03.31"]
[SourceQuality "1"]

1. e4 c6 2. d4 d5 3. Nc3 dxe4 4. Nxe4 Nd7 5. Bd3 Ngf6 6. Ng5 e6 7. Qe2 Bd6 8. N1f3 h6 9. Ne4 Nxe4 10. Qxe4 Qc7 11. g3 b6 12. Bd2 Bb7 13. 0-0-0 c5 14. Qe2 cxd4 15. Nxd4 Bxh1 16. Nb5 Qc6 17. Nxd6+ Qxd6 18. Rxh1 Qd5 19. Rd1 Qxa2 20. Bb4 Rc8 21. Ba3 Nc5 22. Bb5+ Kf8 23. Bc4 Qa1+ 24. Kd2 Rd8+ 25. Bd3 Qa2 26. Ke1 1-0

[Event "Titled Tuesday intern op 10th Oct Late"]
[Site "Chess.com INT"]
[Date "2023.10.10"]
[Round "10"]
[White "Colonetti, Fabio"]
[Black "Ochkoos, Jura"]
[Result "0-1"]
[WhiteElo "2128"]
[BlackElo "2181"]
[PlyCount "68"]
[EventDate "2023.10.10"]
[EventType "swiss (blitz)"]
[EventRounds "11"]
[EventCountry "USA"]
[SourceTitle "EXT 2025"]
[Source "ChessBase"]
[SourceDate "2024.10.14"]
[SourceVersion "1"]
[SourceVersionDate "2024.10.14"]
[SourceQuality "1"]

1. e4 e5 2. Nf3 d6 3. d4 exd4 4. Qxd4 Nc6 5. Bb5 Bd7 6. Bxc6 Bxc6 7. Nc3 Nf6 8. Bg5 Be7 9. 0-0-0 0-0 10. Kb1 b5 11. Rhe1 b4 12. Nd5 Nxd5 13. exd5 Bxg5 14. dxc6 Bf6 15. Qd5 Rb8 16. g4 a6 17. g5 Rb5 18. Qe4 Bxg5 19. Nd4 Re5 20. Qg4 Bf6 21. Nf5 g6 22. Rxe5 Bxe5 23. h4 Qf6 24. Ne3 Qxf2 25. Nd5 Qc5 26. h5 Bg7 27. hxg6 fxg6 28. Qe6+ Kh8 29. Rh1 Qd4 30. c3 Qd3+ 31. Kc1 bxc3 32. bxc3 Bxc3 33. Ne7 Qd2+ 34. Kb1 Qb2# 0-1

[Event "Titled Tuesday intern op 10th Oct Late"]
[Site "Chess.com INT"]
[Date "2023.10.10"]
[Round "4"]
[White "Ochkoos, Jura"]
[Black "Chan, Luis"]
[Result "1-0"]
[WhiteElo "2181"]
[BlackElo "2147"]
[PlyCount "119"]
[EventDate "2023.10.10"]
[EventType "swiss (blitz)"]
[EventRounds "11"]
[EventCountry "USA"]
[SourceTitle "EXT 2025"]
[Source "ChessBase"]
[SourceDate "2024.10.14"]
[SourceVersion "1"]
[SourceVersionDate "2024.10.14"]
[SourceQuality "1"]

1. e4 c5 2. Nf3 g6 3. d4 cxd4 4. Nxd4 Nc6 5. c4 Bg7 6. Be3 Nf6 7. Nc3 0-0 8. Be2 d6 9. 0-0 a6 10. f4 Ng4 11. Bxg4 Bxd4 12. Bxd4 Bxg4 13. Qd2 Nxd4 14. Qxd4 Rc8 15. f5 Bh5 16. Nd5 Be2 17. Rf2 Rxc4 18. Qe3 Bh5 19. Nf4 Qa5 20. Nxh5 gxh5 21. Qg5+ Kh8 22. Qxe7 Qd8 23. Qxb7 Qf6 24. Qxa6 Rxe4 25. Qd3 Rfe8 26. Raf1 h4 27. a3 Re3 28. Qd2 h3 29. gxh3 Rxh3 30. Rg2 Rhe3 31. a4 Rb3 32. Rd1 Re7 33. a5 Ra7 34. Qxd6 Qxd6 35. Rxd6 Ra8 36. f6 Rb5 37. Rgd2 h6 38. Rd8+ Rxd8 39. Rxd8+ Kh7 40. a6 Ra5 41. Rd6 Ra1+ 42. Kf2 Ra2 43. Ke3 Kg6 44. Rb6 Kf5 45. b4 Rxh2 46. a7 Ra2 47. Rb7 Kxf6 48. b5 Ke6 49. b6 Kd6 50. Rb8 Kc6 51. a8Q+ Rxa8 52. Rxa8 Kxb6 53. Rf8 Kc5 54. Rxf7 Kd5 55. Kf4 Ke6 56. Rh7 Kf6 57. Rxh6+ Kg7 58. Kg5 Kg8 59. Kf6 Kf8 60. Rh8# 1-0

[Event "Titled Tuesday intern op 10th Oct Late"]
[Site "Chess.com INT"]
[Date "2023.10.10"]
[Round "9"]
[White "Ochkoos, Jura"]
[Black "Souza, Gustavo Horokoski"]
[Result "1-0"]
[WhiteElo "2181"]
[BlackElo "1898"]
[PlyCount "49"]
[EventDate "2023.10.10"]
[EventType "swiss (blitz)"]
[EventRounds "11"]
[EventCountry "USA"]
[SourceTitle "EXT 2025"]
[Source "ChessBase"]
[SourceDate "2024.10.14"]
[SourceVersion "1"]
[SourceVersionDate "2024.10.14"]
[SourceQuality "1"]

1. e4 e6 2. d4 d5 3. e5 c5 4. c3 Nc6 5. Nf3 Bd7 6. Bd3 Qb6 7. 0-0 cxd4 8. a3 Nge7 9. b4 Nf5 10. Bxf5 exf5 11. cxd4 Rc8 12. Nc3 Be6 13. Na4 Qb5 14. Nc5 b6 15. Nxe6 fxe6 16. Ng5 Nd8 17. Be3 Be7 18. Qh5+ g6 19. Qh6 Bf8 20. Qh3 Nf7 21. Nxe6 Qd3 22. Rac1 Rxc1 23. Rxc1 Be7 24. Nc7+ Kd7 25. Nxd5 1-0

[Event "Titled Tuesday intern op 10th Oct Late"]
[Site "Chess.com INT"]
[Date "2023.10.10"]
[Round "7"]
[White "Ochkoos, Jura"]
[Black "Tulchynskyi, Feliks"]
[Result "1/2-1/2"]
[WhiteElo "2181"]
[BlackElo "2228"]
[PlyCount "118"]
[EventDate "2023.10.10"]
[EventType "swiss (blitz)"]
[EventRounds "11"]
[EventCountry "USA"]
[SourceTitle "EXT 2025"]
[Source "ChessBase"]
[SourceDate "2024.10.14"]
[SourceVersion "1"]
[SourceVersionDate "2024.10.14"]
[SourceQuality "1"]

1. e4 c6 2. d4 d5 3. Nc3 dxe4 4. Nxe4 Nd7 5. Bd3 Ngf6 6. Ng5 e6 7. N1f3 Bd6 8. Qe2 h6 9. Ne4 Nxe4 10. Qxe4 Qc7 11. c3 c5 12. 0-0 Nf6 13. Qe2 0-0 14. Ne5 b6 15. Ng4 Nxg4 16. Qxg4 Bxh2+ 17. Kh1 f5 18. Qh5 Bf4 19. Bxf4 Qxf4 20. Rae1 cxd4 21. cxd4 Qxd4 22. Re3 e5 23. b3 e4 24. Bc4+ Kh8 25. Rg3 Qf6 26. Rg6 b5 27. Rxf6 Rxf6 28. Bxb5 Be6 29. Bc4 Bxc4 30. bxc4 Rc8 31. Rc1 f4 32. c5 e3 33. fxe3 fxe3 34. Re1 Re6 35. Qd5 Rce8 36. c6 e2 37. c7 Re3 38. Qd2 Kh7 39. Rxe2 Rxe2 40. Qxe2 Rxe2 41. c8Q Rxa2 42. Qf5+ Kh8 43. Qf8+ Kh7 44. Qf5+ Kh8 45. Qe4 Ra5 46. Qc6 Rg5 47. Qa8+ Kh7 48. Qxa7 Rg6 49. Qa2 Rf6 50. Qc2+ Kh8 51. Qe4 h5 52. Kh2 h4 53. Qe8+ Kh7 54. Kh3 Rh6 55. Qe4+ Kh8 56. Qe7 Kg8 57. Qe8+ Kh7 58. Kg4 Rg6+ 59. Kh3 Rh6 1/2-1/2

[Event "Titled Tuesday intern op 26th Sep Late"]
[Site "Chess.com INT"]
[Date "2023.09.26"]
[Round "11"]
[White "Ochkoos, Jura"]
[Black "Kornyukov, Alexey"]
[Result "1-0"]
[WhiteElo "2181"]
[BlackElo "2452"]
[PlyCount "59"]
[EventDate "2023.09.26"]
[EventType "swiss (blitz)"]
[EventRounds "11"]
[EventCountry "USA"]
[SourceTitle "EXT 2024"]
[Source "ChessBase"]
[SourceDate "2023.10.10"]
[SourceVersion "1"]
[SourceVersionDate "2023.10.10"]
[SourceQuality "1"]

1. e4 c5 2. Nf3 Nc6 3. d4 cxd4 4. Nxd4 Nf6 5. Nc3 e5 6. Ndb5 d6 7. Nd5 Nxd5 8. exd5 Nb8 9. a4 Be7 10. Bd2 0-0 11. a5 f5 12. Be2 a6 13. Na3 Nd7 14. Nc4 e4 15. Bc3 Bf6 16. Nxd6 Bxc3+ 17. bxc3 Qf6 18. Nc4 Qxc3+ 19. Kf1 f4 20. Ra3 Qf6 21. f3 Nc5 22. Nb6 Rb8 23. Qa1 Qg6 24. Qd4 exf3 25. Bxf3 Qxc2 26. Rc3 Qb1+ 27. Qd1 Qb4 28. Qc2 Bf5 29. Qd2 Qb1+ 30. Rc1 1-0

[Event "Titled Tuesday intern op 12th Sep Early"]
[Site "Chess.com INT"]
[Date "2023.09.12"]
[Round "2"]
[White "Ochkoos, Jura"]
[Black "Fiorito, Joaquin"]
[Result "0-1"]
[WhiteElo "2181"]
[BlackElo "2399"]
[PlyCount "90"]
[EventDate "2023.09.12"]
[EventType "swiss (blitz)"]
[EventRounds "11"]
[EventCountry "USA"]
[SourceTitle "EXT 2024"]
[Source "ChessBase"]
[SourceDate "2023.10.10"]
[SourceVersion "1"]
[SourceVersionDate "2023.10.10"]
[SourceQuality "1"]

1. e4 c6 2. d4 d5 3. Nc3 dxe4 4. Nxe4 Nf6 5. Nxf6+ exf6 6. Nf3 Bd6 7. c4 0-0 8. c5 Bc7 9. Bc4 Re8+ 10. Be3 Be6 11. Qb3 Bxc4 12. Qxc4 Nd7 13. 0-0 Nf8 14. Rfd1 Ng6 15. d5 cxd5 16. Rxd5 Qe7 17. Rad1 Rad8 18. b4 Rxd5 19. Qxd5 a6 20. a4 h6 21. b5 axb5 22. axb5 Kh7 23. g3 Rd8 24. Qb3 Qe6 25. Qb1 Re8 26. Nh4 Qg4 27. Nxg6 fxg6 28. Rd4 Qf3 29. Qd1 Qf5 30. Rd7 Be5 31. Rxb7 Ra8 32. Kg2 Ra1 33. Qf3 Rg1+ 34. Kxg1 Qxf3 35. c6 Qd1+ 36. Kg2 Qd5+ 37. Kg1 h5 38. h4 g5 39. hxg5 fxg5 40. Bxg5 Kg6 41. Be3 Kf5 42. Kh2 h4 43. Rd7 hxg3+ 44. fxg3 Qxb5 45. c7 Qxd7 0-1

[Event "Titled Tuesday intern op 12th Sep Early"]
[Site "Chess.com INT"]
[Date "2023.09.12"]
[Round "1"]
[White "Ochkoos, Jura"]
[Black "Matinian, Nikita"]
[Result "0-1"]
[WhiteElo "2181"]
[BlackElo "2421"]
[PlyCount "46"]
[EventDate "2023.09.12"]
[EventType "swiss (blitz)"]
[EventRounds "11"]
[EventCountry "USA"]
[SourceTitle "EXT 2024"]
[Source "ChessBase"]
[SourceDate "2023.10.10"]
[SourceVersion "1"]
[SourceVersionDate "2023.10.10"]
[SourceQuality "1"]

1. e4 c5 2. Nf3 d6 3. d4 cxd4 4. Nxd4 Nf6 5. Nc3 g6 6. Be3 Nc6 7. f3 h5 8. Qd2 Nxd4 9. Bxd4 Bh6 10. Be3 Bxe3 11. Qxe3 Be6 12. Bb5+ Kf8 13. Ba4 Qa5 14. 0-0 Rc8 15. Bb3 h4 16. Bxe6 fxe6 17. Kh1 Nh5 18. Rfe1 Kf7 19. e5 d5 20. Kg1 Rc4 21. Qf2 Nf4 22. Rac1 Rh5 23. a3 Rg5 0-1

[Event "Titled Tuesday intern op 12th Sep Early"]
[Site "Chess.com INT"]
[Date "2023.09.12"]
[Round "3"]
[White "Vila Dupla, Aurelio"]
[Black "Ochkoos, Jura"]
[Result "1-0"]
[WhiteElo "2030"]
[BlackElo "2181"]
[PlyCount "37"]
[EventDate "2023.09.12"]
[EventType "swiss (blitz)"]
[EventRounds "11"]
[EventCountry "USA"]
[SourceTitle "EXT 2024"]
[Source "ChessBase"]
[SourceDate "2023.10.10"]
[SourceVersion "1"]
[SourceVersionDate "2023.10.10"]
[SourceQuality "1"]

1. Nf3 d5 2. d4 e6 3. c4 Nf6 4. cxd5 exd5 5. Nc3 c6 6. Qc2 Bg4 7. Ne5 Be6 8. Bg5 Be7 9. e3 Nfd7 10. Bxe7 Qxe7 11. Nxd7 Nxd7 12. Bd3 h6 13. 0-0 0-0 14. Rab1 a5 15. Rfc1 Rfc8 16. Na4 b5 17. Nc5 Nxc5 18. Qxc5 Bd7 19. Qxe7 1-0

[Event "Titled Tuesday intern op 13th Jun Late"]
[Site "Chess.com INT"]
[Date "2023.06.13"]
[Round "5"]
[White "Ochkoos, Jura"]
[Black "Hartikainen, Jarmo"]
[Result "0-1"]
[WhiteElo "2203"]
[BlackElo "2108"]
[PlyCount "92"]
[EventDate "2023.06.13"]
[EventType "swiss (blitz)"]
[EventRounds "11"]
[EventCountry "USA"]
[SourceTitle "EXT 2024"]
[Source "ChessBase"]
[SourceDate "2023.10.10"]
[SourceVersion "1"]
[SourceVersionDate "2023.10.10"]
[SourceQuality "1"]

1. e4 c5 2. Nf3 Nc6 3. d4 cxd4 4. Nxd4 Nf6 5. Nc3 d6 6. Bg5 Bd7 7. f3 a6 8. Qd2 e6 9. Nb3 Qc7 10. h4 Be7 11. 0-0-0 b5 12. Bxb5 axb5 13. Nxb5 Qb8 14. Nxd6+ Bxd6 15. Qxd6 Qxd6 16. Rxd6 Rxa2 17. Rhd1 Ra7 18. Kb1 Ke7 19. Rxc6 Bxc6 20. e5 Rd7 21. Nd4 Bb7 22. exf6+ gxf6 23. Be3 Rhd8 24. c3 Kf8 25. Re1 Bd5 26. Kc2 Rb7 27. b4 Ra8 28. Kd3 Ra2 29. Bd2 Rc7 30. Ke3 f5 31. g4 fxg4 32. fxg4 Rca7 33. Kd3 Ra1 34. Re2 Rg1 35. g5 Rc7 36. Rf2 Bc4+ 37. Ke3 Rg3+ 38. Kf4 Rd3 39. Kg4 e5 40. Nf5 Be6 41. Kh5 Bxf5 42. Rxf5 Rxd2 43. Rxe5 Rxc3 44. Re4 Rd6 45. Kg4 Rb3 46. h5 Rb6 0-1

[Event "Titled Tuesday intern op 04th Jan"]
[Site "Chess.com INT"]
[Date "2022.01.04"]
[Round "3"]
[White "Ochkoos, Jura"]
[Black "Fernandez Hernandez, Gerardo"]
[Result "1-0"]
[WhiteElo "2203"]
[BlackElo "2169"]
[PlyCount "71"]
[EventDate "2022.01.04"]
[EventType "swiss (blitz)"]
[EventRounds "11"]
[EventCountry "USA"]
[SourceTitle "EXT 2023"]
[Source "ChessBase"]
[SourceDate "2022.10.05"]
[SourceVersion "1"]
[SourceVersionDate "2022.10.05"]
[SourceQuality "1"]

1. e4 e6 2. d4 d5 3. e5 c5 4. c3 Nc6 5. Nf3 Qb6 6. Bd3 Nh6 7. 0-0 Nf5 8. dxc5 Bxc5 9. b4 Be7 10. Bxf5 exf5 11. Qxd5 Be6 12. Qd3 Rd8 13. Qe2 0-0 14. Nbd2 Rd7 15. Nb3 Bxb3 16. axb3 Nd8 17. Be3 Qc7 18. c4 b6 19. b5 Ne6 20. Rfd1 Rfd8 21. g3 h6 22. Qc2 Rxd1+ 23. Rxd1 Rxd1+ 24. Qxd1 g5 25. Qd5 f4 26. Bd4 g4 27. Nd2 fxg3 28. hxg3 Ng5 29. Be3 Qd8 30. Qxd8+ Bxd8 31. Bxg5 Bxg5 32. Ne4 Be7 33. Kg2 Kg7 34. f3 gxf3+ 35. Kxf3 Kg6 36. g4 1-0

[Event "Aurora Summer op"]
[Site "Aurora"]
[Date "2013.07.06"]
[Round "3.3"]
[White "Ochkoos, Jura"]
[Black "Derraugh, Geordie"]
[Result "1-0"]
[WhiteElo "2299"]
[BlackElo "2297"]
[PlyCount "77"]
[EventDate "2013.07.06"]
[EventType "swiss"]
[EventRounds "5"]
[EventCountry "CAN"]
[SourceTitle "EXT 2022"]
[Source "ChessBase"]
[SourceDate "2021.10.06"]
[SourceVersion "1"]
[SourceVersionDate "2021.10.06"]
[SourceQuality "1"]

1. e4 c5 2. Nf3 d6 3. d4 cxd4 4. Nxd4 Nf6 5. Nc3 a6 6. Bg5 e6 7. Qe2 Nc6 8. 0-0-0 Nxd4 9. Rxd4 Be7 10. h4 Qc7 11. g4 b5 12. Bh3 h6 13. Be3 e5 14. Rdd1 b4 15. Na4 Rb8 16. g5 Nxe4 17. Bxc8 Qxc8 18. Nb6 Qc6 19. Nd5 Rb5 20. Qd3 Nc5 21. Bxc5 Qxc5 22. g6 Rf8 23. Qf5 Rb8 24. f4 Qc8 25. Qd3 Qc6 26. Qe4 Rc8 27. Rh2 f5 28. Qxb4 e4 29. h5 Bf6 30. c3 Rd8 31. Rhd2 Kd7 32. Ne3 Be7 33. Qd4 Qc8 34. Nd5 Bf6 35. Qb4 Qb8 36. Qa3 Bh4 37. Rd4 a5 38. Ra4 Qc8 39. Rc4 1-0

[Event "Guelph Summer Pro-Am"]
[Site "Guelph"]
[Date "2012.06.24"]
[Round "5"]
[White "Ochkoos, Jura"]
[Black "Ivanov, Mike"]
[Result "0-1"]
[WhiteElo "2314"]
[BlackElo "2236"]
[PlyCount "84"]
[EventDate "2012.06.22"]
[EventType "swiss"]
[EventRounds "5"]
[EventCountry "CAN"]
[SourceTitle "EXT 2022"]
[Source "ChessBase"]
[SourceDate "2021.10.06"]
[SourceVersion "1"]
[SourceVersionDate "2021.10.06"]
[SourceQuality "1"]

1. e4 e6 2. d4 d5 3. e5 c5 4. c3 Nc6 5. Nf3 Qb6 6. a3 c4 7. Nbd2 Na5 8. h4 Bd7 9. g3 Ne7 10. h5 h6 11. Nh4 Nc8 12. Bh3 Be7 13. Ng2 Qc6 14. Ne3 Nb6 15. 0-0 0-0-0 16. f4 g6 17. Kh2 Rdg8 18. Qe2 Rg7 19. Nf3 Kb8 20. Rb1 Nb3 21. Bd2 Qc8 22. Be1 Qe8 23. Nd2 Rhg8 24. Nf3 gxh5 25. Ng2 f5 26. exf6 Bxf6 27. Ne5 h4 28. Nxh4 Bc8 29. Nhf3 h5 30. Bf2 Qf8 31. Rg1 Be7 32. Be3 Qf6 33. Rbf1 Nd7 34. Nh4 Rxg3 35. Rxg3 Rxg3 36. Kxg3 Qxh4+ 37. Kh2 Nxe5 38. fxe5 Bd7 39. Bf4 Bg5 40. Qf2 Qxf2+ 41. Rxf2 Bxf4+ 42. Rxf4 Nd2 0-1

[Event "Kitchener Riedstra Memorial"]
[Site "Kitchener"]
[Date "2012.03.10"]
[Round "2"]
[White "Ivanov, Mike"]
[Black "Ochkoos, Jura"]
[Result "1-0"]
[WhiteElo "2186"]
[BlackElo "2330"]
[PlyCount "53"]
[EventDate "2012.03.09"]
[EventType "swiss"]
[EventRounds "5"]
[EventCountry "CAN"]
[SourceTitle "EXT 2022"]
[Source "ChessBase"]
[SourceDate "2021.10.06"]
[SourceVersion "1"]
[SourceVersionDate "2021.10.06"]
[SourceQuality "1"]

1. Nc3 d5 2. e4 e6 3. Nf3 Nf6 4. e5 Nfd7 5. Ne2 c5 6. c3 Nc6 7. d4 b5 8. Nf4 Qb6 9. a3 b4 10. axb4 cxd4 11. Nxd4 Ncxe5 12. Be3 Qb8 13. Ra2 Be7 14. Be2 0-0 15. Qa1 Bb7 16. b3 Nf6 17. Nb5 a6 18. Nd4 Neg4 19. Bxa6 Bxa6 20. Nc6 Qb7 21. Nxe7+ Kh8 22. Bc5 e5 23. h3 exf4 24. hxg4 Rfe8 25. Kd2 Ne4+ 26. Kc2 Nxc5 27. Rxh7+ 1-0

[Event "Guelph Winter Pro Am"]
[Site "Guelph"]
[Date "2008.02.02"]
[Round "5"]
[White "Noritsyn, Nikolay"]
[Black "Ochkoos, Jura"]
[Result "1/2-1/2"]
[WhiteElo "2458"]
[BlackElo "2345"]
[PlyCount "92"]
[EventDate "2008.02.02"]
[EventType "swiss"]
[EventRounds "5"]
[EventCountry "CAN"]
[SourceTitle "EXT 2011"]
[Source "ChessBase"]
[SourceDate "2010.11.26"]
[SourceVersion "1"]
[SourceVersionDate "2010.11.26"]
[SourceQuality "1"]

1. e4 e5 2. Nf3 Nc6 3. Bb5 a6 4. Ba4 Nf6 5. d3 d6 6. 0-0 Be7 7. c3 0-0 8. Re1 b5 9. Bc2 Nb8 10. Nbd2 Bb7 11. Nf1 Nbd7 12. Ng3 Re8 13. d4 Bf8 14. b3 g6 15. a4 c6 16. Bb2 Bg7 17. dxe5 dxe5 18. Qe2 Qc7 19. b4 Nb6 20. Bc1 Nxa4 21. Bxa4 bxa4 22. Be3 c5 23. Qc4 Bc6 24. Qxc5 Qb7 25. Nxe5 Rxe5 26. Qxe5 Nxe4 27. Qf4 Nxc3 28. Bd4 Qxb4 29. Be5 Qxf4 30. Bxf4 Bd5 31. Be5 Bb3 32. Bxg7 Kxg7 33. Ne4 Nxe4 34. Rxe4 Rc8 35. Re5 Kf6 36. Ra5 Rc6 37. Re1 h5 38. h3 Kg7 39. Kh2 Rc2 40. f3 Ra2 41. Rxa6 Rc2 42. h4 Rd2 43. Kg3 Rc2 44. Re3 Ra2 45. Ra7 Rc2 46. Re1 Rd2 1/2-1/2

[Event "Canada zt"]
[Site "Toronto"]
[Date "2006.08.21"]
[Round "4"]
[White "Ochkoos, Jura"]
[Black "Southam, David"]
[Result "0-1"]
[WhiteElo "2305"]
[BlackElo "2099"]
[PlyCount "130"]
[EventDate "2006.08.18"]
[EventType "swiss"]
[EventRounds "9"]
[EventCountry "CAN"]
[SourceTitle "CBM 113 Extra"]
[Source "ChessBase"]
[SourceDate "2006.09.14"]
[SourceVersion "1"]
[SourceVersionDate "2006.09.14"]
[SourceQuality "1"]

1. e4 e6 2. d4 d5 3. e5 c5 4. c3 Nc6 5. Nf3 Bd7 6. a3 c4 7. Be2 Na5 8. Nbd2 Bc6 9. 0-0 Qd7 10. Ne1 Ba4 11. Nc2 0-0-0 12. Nf3 f5 13. Nfe1 Be7 14. f4 Nh6 15. Rf2 Nf7 16. Bf1 Rdg8 17. Qe2 Nb3 18. Rb1 Nxc1 19. Rxc1 g5 20. Ne3 Qc7 21. Kh1 gxf4 22. Rxf4 h5 23. g3 Bg5 24. Rf3 h4 25. gxh4 Bxh4 26. Bg2 Ng5 27. Nf1 Nxf3 28. Nxf3 Bd8 29. N1d2 Kb8 30. Rg1 Be8 31. Bf1 Bh5 32. Rxg8 Rxg8 33. Qf2 Qg7 34. Bg2 Qg4 35. Nf1 f4 36. N1d2 Bg6 37. Ng1 Bh4 38. Qf1 Bd3 39. Qf3 Qxf3 40. Ndxf3 Bf2 41. Nh3 Be3 42. Nhg5 Bf5 43. h4 Bc1 44. Bh3 Bxh3 45. Nxh3 Kc8 46. Nfg5 Kd7 47. Kg2 Rh8 48. Nf3 Rf8 49. Kf2 Bxb2 50. Nhg5 Bxa3 51. Nh7 Rh8 52. Nf6+ Ke7 53. h5 Bb2 54. h6 a5 55. Ke2 Bxc3 56. Kd1 a4 57. Kc2 Ba5 58. h7 b5 59. Ng5 b4 60. Ng8+ Kd7 61. Nf6+ Kc8 62. Nxe6 b3+ 63. Kc1 f3 64. Nxd5 f2 65. Ne3 Rxh7 0-1

[Event "Canada zt"]
[Site "Toronto"]
[Date "2006.08.20"]
[Round "3"]
[White "Zugic, Igor"]
[Black "Ochkoos, Jura"]
[Result "1-0"]
[WhiteElo "2467"]
[BlackElo "2305"]
[PlyCount "99"]
[EventDate "2006.08.18"]
[EventType "swiss"]
[EventRounds "9"]
[EventCountry "CAN"]
[SourceTitle "CBM 113 Extra"]
[Source "ChessBase"]
[SourceDate "2006.09.14"]
[SourceVersion "1"]
[SourceVersionDate "2006.09.14"]
[SourceQuality "1"]

1. Nf3 d5 2. d4 Nf6 3. g3 e6 4. Bg2 Be7 5. c4 0-0 6. 0-0 dxc4 7. Qa4 a6 8. Qxc4 b5 9. Qc2 Bb7 10. Bd2 Nc6 11. e3 Qb8 12. a3 b4 13. Rc1 a5 14. Ne1 Nd5 15. Nd3 Rc8 16. Be1 Nd8 17. Nd2 Nb6 18. Ne4 Nd7 19. Qa4 Nb6 20. Qd1 Nd7 21. axb4 axb4 22. Rxa8 Qxa8 23. Ra1 Qb8 24. Qa4 Bc6 25. Nf6+ Nxf6 26. Bxc6 Nxc6 27. Qxc6 b3 28. Ra5 Nd5 29. Rb5 Qa7 30. Qb7 Qxb7 31. Rxb7 f5 32. Rxb3 c5 33. Nxc5 Bxc5 34. dxc5 Rxc5 35. Bc3 Nxc3 36. Rxc3 Ra5 37. h4 Kf7 38. Kg2 Kf6 39. b4 Rb5 40. Rc4 h6 41. Kf3 g5 42. Ke2 Rb8 43. Kd3 Ke5 44. Rd4 Ra8 45. hxg5 hxg5 46. b5 g4 47. Kc3 Ra3+ 48. Kb2 Ra8 49. Kb3 Ra1 50. Rd2 1-0

[Event "Guelph op"]
[Site "Guelph"]
[Date "2005.07.30"]
[Round "6"]
[White "Ochkoos, Jura"]
[Black "Hamilton, Robert"]
[Result "1/2-1/2"]
[WhiteElo "2275"]
[BlackElo "2341"]
[PlyCount "81"]
[EventDate "2005.07.28"]
[EventType "swiss"]
[EventRounds "9"]
[EventCountry "CAN"]
[SourceTitle "CBM 107 Extra"]
[Source "ChessBase"]
[SourceDate "2005.09.01"]
[SourceVersion "1"]
[SourceVersionDate "2005.09.01"]
[SourceQuality "1"]

1. e4 e5 2. Nf3 d6 3. d4 Nf6 4. Nc3 Nbd7 5. Bc4 Be7 6. 0-0 0-0 7. Re1 c6 8. a4 a5 9. b3 Qc7 10. Ba3 Nb6 11. Be2 Re8 12. h3 Bd7 13. Qd2 Rad8 14. dxe5 dxe5 15. Bxe7 Rxe7 16. Rad1 Nc8 17. Qe3 Qb6 18. Qxb6 Nxb6 19. Rd2 Rde8 20. Red1 Bc8 21. Nh2 Rd7 22. Bg4 Rxd2 23. Rxd2 Bxg4 24. hxg4 h6 25. f3 h5 26. gxh5 Nxh5 27. Ng4 Nf4 28. Kf2 f6 29. Ne3 Ne6 30. Ne2 Rd8 31. Rxd8+ Nxd8 32. Ke1 Ne6 33. Kd2 Kf7 34. Nc1 Ke7 35. Nd3 Kd6 36. Nf5+ Kd7 37. Nb2 Nf4 38. Ne3 Kc7 39. Nd3 Ne6 40. Nb2 Kd7 41. Nbc4 1/2-1/2

[Event "Guelph op"]
[Site "Guelph"]
[Date "2005.07.28"]
[Round "2"]
[White "Kunte, Abhijit"]
[Black "Ochkoos, Jura"]
[Result "1-0"]
[WhiteElo "2561"]
[BlackElo "2275"]
[PlyCount "63"]
[EventDate "2005.07.28"]
[EventType "swiss"]
[EventRounds "9"]
[EventCountry "CAN"]
[SourceTitle "CBM 107 Extra"]
[Source "ChessBase"]
[SourceDate "2005.09.01"]
[SourceVersion "1"]
[SourceVersionDate "2005.09.01"]
[SourceQuality "1"]

1. d4 d5 2. c4 e6 3. Nf3 f5 4. g3 Nf6 5. Bg2 Be7 6. 0-0 0-0 7. Qc2 c6 8. b3 Na6 9. Bb2 Qe8 10. Nbd2 Qh5 11. Ne5 Nc7 12. Ndf3 Nce8 13. Nd3 g5 14. Nfe5 Nd6 15. f3 Bd7 16. Nc5 Bc8 17. e3 Kh8 18. Rae1 Rg8 19. e4 Rg7 20. Ned3 Nfe8 21. exd5 exd5 22. Re5 Nc7 23. cxd5 Nxd5 24. f4 Qf7 25. Bxd5 cxd5 26. Nb4 b6 27. Nxd5 Bd8 28. fxg5 Bxg5 29. Qe2 f4 30. Ne6 Bxe6 31. Rxe6 Rd8 32. Nxf4 1-0